| 000 | 01151cam a22003377a 4500 | ||
|---|---|---|---|
| 001 | 6840 | ||
| 003 | FISKH | ||
| 005 | 20250530094515.0 | ||
| 008 | 100409s2011 nyua 000 0 eng | ||
| 010 | _a 2010926553 | ||
| 020 | _a9780736427685 | ||
| 040 |
_aDLC _cDLC _beng |
||
| 050 | _aPZ7 | ||
| 082 | _a813.6 | ||
| 100 | 1 | _aPosner-Sanchez, Andrea. | |
| 245 | 1 | 0 |
_aNature's little helpers / _cby Andrea Posner-Sanchez ; illustrated by Caterina Giorgetti and Constance Allen. |
| 260 |
_aNew York : _bRandom House, _c2011. |
||
| 300 |
_a24 unnumbered pages : _bcolor illustrations ; _c21 cm |
||
| 500 | _aAt head of title: Disney fairies. | ||
| 505 | _aG | ||
| 520 | _aIllustrates how Tinker Bell and her friends help make nature beautiful and offers tips to "go green" to help the environment. | ||
| 521 | 8 |
_a380
_bLexile estimate |
|
| 521 | 8 |
_aG
_bRaz-Plus |
|
| 650 |
_aDisney Fairies _vChildren |
||
| 700 | 1 |
_aGiorgetti, Caterina, _eillustrator |
|
| 700 | 1 |
_aAllen, Constance, _eillustrator |
|
| 730 | 0 | 2 | _aDisney fairies. |
| 906 |
_a7 _bcbc _corignew _d4 _encip _f20 _gy-gencatlg |
||
| 942 |
_2ddc _cBK _n0 |
||
| 999 |
_c6840 _d6840 |
||